| 000 | 00556nam a2200205 i 4500 | ||
|---|---|---|---|
| 001 | 13399 | ||
| 003 | ES-MaACL | ||
| 005 | 20230906150551.0 | ||
| 007 | t| | ||
| 008 | 970207s1996 sp ||||0| spa d | ||
| 016 | 7 | _z00000000052724 | |
| 020 | _a84-605-5824-X | ||
| 040 |
_aVA-BCL _bspa _cVA-BCL |
||
| 080 | _a860-1"19" | ||
| 100 | 1 |
_aYáñez, Adolfo. _9117565 |
|
| 245 | 1 | 0 |
_aPoemas de mi piel y de mi sangre / _cAdolfo Yáñez. |
| 260 |
_a[S.l.] : _bAlmena, _c[1996] |
||
| 300 |
_a93 p. : _bil. ; _c22 cm. |
||
| 852 |
_aES-MaACL _jL-20728 _bR.125843 |
||
| 999 |
_c13399 _d13399 |
||